Retórica / (Registro nro. 1849)
[ vista simple ]
| 000 -CABECERA | |
|---|---|
| campo de control de longitud fija | 01679nam a2200301Ia 4500 |
| 003 - IDENTIFICADOR DEL NÚMERO DE CONTROL | |
| campo de control | AR-RoIUNI |
| 005 - FECHA Y HORA DE LA ÚLTIMA TRANSACCIÓN | |
| campo de control | 20210322124449.0 |
| 007 - CAMPO FIJO DE DESCRIPCIÓN FÍSICA--INFORMACIÓN GENERAL | |
| campo de control de longitud fija | ta |
| 008 - DATOS DE LONGITUD FIJA--INFORMACIÓN GENERAL | |
| campo de control de longitud fija | 150616s2010 sp r 000 0 spa d |
| 020 ## - NÚMERO INTERNACIONAL ESTÁNDAR DEL LIBRO | |
| Número Internacional Estándar del Libro | 9788420636429 |
| 040 ## - FUENTE DE LA CATALOGACIÓN | |
| Centro/agencia transcriptor | AR-RoIUNI |
| Lengua de catalogación | spa |
| Normas de descripción | aarc2 |
| 041 ## - CÓDIGO DE LENGUA | |
| Código de lengua del texto/banda sonora o título independiente | spa |
| 080 ## - NÚMERO DE LA CLASIFICACIÓN DECIMAL UNIVERSAL | |
| Número de la Clasificación Decimal Universal | 808 |
| 100 0# - ENTRADA PRINCIPAL--NOMBRE DE PERSONA | |
| Nombre de persona | Aristóteles. |
| 245 10 - MENCIÓN DE TÍTULO | |
| Título | Retórica / |
| Mención de responsabilidad, etc. | Aristóteles ; introducción, traducción y notas de Alberto Bernabé. |
| 250 ## - MENCIÓN DE EDICIÓN | |
| Mención de edición | 1a.ed., 9a. reimpr. |
| 260 ## - PUBLICACIÓN, DISTRIBUCIÓN, ETC. (PIE DE IMPRENTA) | |
| Lugar de publicación, distribución, etc. | Madrid : |
| Nombre del editor, distribuidor, etc. | Alianza, |
| Fecha de publicación, distribución, etc. | 2010. |
| 300 ## - DESCRIPCIÓN FÍSICA | |
| Extensión | 316 p. ; |
| Dimensiones | 18 cm. |
| 490 ## - MENCIÓN DE SERIE | |
| Mención de serie | El libro de bolsillo . Clásicos de Grecia y Roma ; |
| Designación de volumen o secuencia | 8204. |
| 500 ## - NOTA GENERAL | |
| Nota general | Introducción, traducción y notas de Alberto Bernabé |
| 504 ## - NOTA DE BIBLIOGRAFÍA, ETC. | |
| Bibliografía, etc. | Incluye bibliografía. |
| 505 0# - NOTA DE CONTENIDO CON FORMATO | |
| Nota de contenido con formato | Introducción de Alberto Bernabé -- Aristóteles y su obra -- La Retórica -- La presente traducción -- Retórica. Libro I -- Libro II -- Libro III. |
| 520 ## - SUMARIO, ETC. | |
| Sumario, etc. | Técnica del arte de hablar, encaminada prioritariamente a persuadir al otro, la Retórica nació y se perfeccionó en una sociedad como la griega antigua, de carácter y sistema político predominantemente orales, y para la cual el dominio de la palabra era una necesidad práctica. Aunque inscrito dentro de una tradición anterior, el tratado que a ella dedicó Aristóteles se apartó sin embargo tanto de caminos trillados como de una retórica de corte más sofístico, para llegar a constituir, lindando los campos de la ética, la política y la dialéctica, un texto no sólo orientado a conseguir la persuasión, sino a evaluar la realidad y a tomar las decisiones más correctas. |
| 650 1# - PUNTO DE ACCESO ADICIONAL DE MATERIA--TÉRMINO DE MATERIA | |
| Término de materia o nombre geográfico como elemento inicial | PSICOLOGÍA |
| 9 (RLIN) | 108 |
| 650 1# - PUNTO DE ACCESO ADICIONAL DE MATERIA--TÉRMINO DE MATERIA | |
| Término de materia o nombre geográfico como elemento inicial | RETÓRICA |
| 700 1# - PUNTO DE ACCESO ADICIONAL--NOMBRE DE PERSONA | |
| Nombre de persona | Bernabé, Alberto. |
| 942 ## - ELEMENTOS DE PUNTO DE ACCESO ADICIONAL (KOHA) | |
| Tipo de ítem Koha | Libros |
| Fuente del sistema de clasificación o colocación | Clasificación Decimal Universal |
| Estado de retiro | Estado de pérdida | Fuente del sistema de clasificación o colocación | Estado dañado | Excepción de préstamo | Código de colección | Localización permanente | Ubicación/localización actual | Ubicación en estantería | Fecha de adquisición | Número de inventario | Total de préstamos | Signatura topográfica completa | Código de barras | Fecha visto por última vez | Fecha del último préstamo | Número de copia | Precio válido a partir de | Tipo de ítem Koha |
|---|---|---|---|---|---|---|---|---|---|---|---|---|---|---|---|---|---|---|
| Clasificación Decimal Universal | Psicología | BIBLIOTECA RIOBAMBA | BIBLIOTECA RIOBAMBA | BIBLIOTECA RIOBAMBA | 16/06/2015 | 1850 | 1 | 808 ARI | 1850 | 10/12/2019 | 10/12/2019 | 1 | 16/06/2015 | Libros |

